An anthology of Greek Drama

Salvato in:
Dettagli Bibliografici
Natura: Libro
Lingua:Undetermined
Pubblicazione: New York, Estados Unidos Rinehard & Co., Inc. 1949
Soggetti:
Tags: Aggiungi Tag
Nessun Tag, puoi essere il primo ad aggiungerne!!

MARC

LEADER 00000nam a2200000Ia 4500
008 170316s9999 xx 000 0 und d
040 |a cru BVZT 
090 |a 880 A-1a 
245 3 |a An anthology of Greek Drama 
260 |a New York, Estados Unidos 
260 |b Rinehard & Co., Inc. 
260 |c 1949 
300 |a 269 páginas 
650 |a LITERATURA GRIEGA 
999 |c 11839  |d 11839 
942 |c 15 D  |h 880 A-1a  |2 z